Taylor Swift - Paroles Fifteen - Statistiques

Statistiques générales
  • Ce quiz a été pris 43 fois
    20 depuis la dernière actualisation
  • Le résultat moyen est 342 sur 398
Statistiques - réponses
Hint Réponse % Correct
a
100%
And
100%
and
100%
at
100%
At
100%
be
100%
believe
100%
Refrain 'Cause
100%
do
100%
fifteen
100%
go
100%
gonna
100%
I
100%
it
100%
know
100%
love
100%
so
100%
some
100%
somebody
100%
tell
100%
tells
100%
the
100%
they
100%
through
100%
walk
100%
we
100%
when
100%
When
100%
who
100%
Who
100%
Couplet 1 | Couplet 2 You
100%
you
100%
"You
100%
your
100%
Outro Your
100%
you're
100%
You're
100%
Abigail
92%
boy
92%
breath
92%
day
92%
deep
92%
didn't
92%
doors
92%
first
92%
got
92%
hi
92%
in
92%
In
92%
It's
92%
of
92%
on
92%
take
92%
Take
92%
them
92%
then
92%
to
92%
To
92%
very
92%
Was
92%
was
92%
all
83%
around,
83%
around
83%
as
83%
before"
83%
before
83%
best
83%
both
83%
class
83%
cried
83%
date
83%
dating
83%
enough
83%
football
83%
for
83%
friends
83%
Greater
83%
had
83%
kiss
83%
Post-refrain La
83%
la
83%
life
83%
morning
83%
named
83%
next
83%
say
83%
sit
83%
soon
83%
team
83%
than
83%
things
83%
year
83%
you'll
83%
boys
75%
can
75%
car
75%
changed
75%
everything
75%
four
75%
freshman
75%
gave
75%
girl
75%
head
75%
here
75%
he's
75%
his
75%
Laughing
75%
makes
75%
mind
75%
now
75%
out
75%
red
75%
she
75%
wanted
75%
years
75%
back
67%
Back
67%
bigger
67%
But
67%
cool
67%
could
67%
dreams
67%
ends
67%
Feeling
67%
feeling
67%
girls
67%
haven't
67%
him
67%
is
67%
mine
67%
night
67%
other
67%
seen
67%
senior
67%
spin
67%
supposed
67%
they're
67%
think
67%
Well,
67%
We'll
67%
Wish
67%
yourself
67%
Don't
58%
fall
58%
figure
58%
heal
58%
like
58%
look
58%
marry
58%
nothing
58%
one
58%
realized
58%
room
58%
stay
58%
swore
58%
there's
58%
thinking
58%
this
58%
This
58%
those
58%
time
58%
town
58%
Try
58%
up
58%
way
58%
what
58%
ain't
50%
awhile
50%
count
50%
dancing
50%
everybody's
50%
flying
50%
forget
50%
Hoping
50%
I've
50%
mama's
50%
most
50%
someday
50%
ten
50%
waiting
50%
wink
50%
find
42%
found
42%
'round
42%
Will
42%
anything
33%
just
33%
might
25%
Aucun quiz correspondant
Distribution des résultats
% des personnes avec chaque résultat
Percentile par nombre de réponses
Votre historique - résultats
Vous n’avez pas pris ce quiz depuis la dernière actualisation